MARC

Tag First Indicator Second Indicator Subfields
LEADER 00000cam a2200000La 4500
001 in00001749913
005 20220105121944.0
006 m u
007 cr cn-
008 001211s2000 kyu sb 001 0 eng d
020 |a 0585321388 (electronic bk.) :  |c $4.95 
020 |z 0664500854 
035 |a (OCoLC)ocm45843255 
040 |a N$T  |c N$T  |d OCL  |d UtOrBLW 
049 |a IKMN 
050 1 4 |a GT3203.A2  |b B79 1999eb 
110 2 |a Bryn Mawr Presbyterian Church (Bryn Mawr, Pa.).  |b Senior Adult Council. 
245 1 0 |a Are your affairs in order? :  |b a planning guide and resource book /  |c Senior Adult Council, Bryn Mawr Presbyterian Church, Bryn Mawr, Pennsylvania. 
264 1 |a Louisville, Ky. :  |b Geneva Press,  |c [1999] 
264 4 |c ©1999 
300 |a [vi], 50 pages ;  |c 23 cm. 
336 |a text  |b txt  |2 rdacontent 
337 |a computer  |b c  |2 rdamedia 
338 |a online resource  |b cr  |2 rdacarrier 
490 1 |a Older adult issues series 
500 |a Published for the Office of Older Adult Ministries, a Ministry of the General Assembly Council, Presbyterian Church (U.S.A.) 
533 |a Electronic reproduction.  |b Boulder, Colo. :  |c NetLibrary,  |d 2000.  |n Available via World Wide Web.  |n Access may be limited to NetLibrary affiliated libraries. 
500 |a Electronic resource. 
650 0 |a Estate planning.  |0 http://id.loc.gov/authorities/subjects/sh85044938 
655 7 |a Electronic books.  |2 local 
710 2 |a NetLibrary, Inc.  |0 http://id.loc.gov/authorities/names/no99080690 
710 2 |a Presbyterian Church (U.S.A.).  |b Office of Older Adult Ministries. 
710 2 |a United Nations International Year of Older Persons.  |0 http://id.loc.gov/authorities/names/no99044894 
830 0 |a Older adult issues series. 
856 4 1 |u https://proxy.library.tamu.edu/login?url=http://www.netLibrary.com/urlapi.asp?action=summary&v=1&bookid=41461  |z Connect to the full text of this electronic book  |t 0 
994 |a 92  |b IKM 
999 |a MARS 
999 f f |s 35929c06-514a-3089-b933-5be39415014f  |i 8d53c7f5-5621-3fc1-9d3c-cbd629e0d665  |t 0 
952 f f |a Texas A&M University  |b College Station  |c Electronic Resources  |d Available Online  |t 0  |e GT3203.A2 B79 1999eb  |h Library of Congress classification 
998 f f |a GT3203.A2 B79 1999eb  |t 0  |l Available Online